00279 a2200109 4500001000700000020000600007040001100013100002500024240005800049245005300107362000900160164961 a  cMagnum aSilva, Luiz Heron da10aSeculo xxi: qual conhecimento ? qual curriculo ?lpor10aSeculo xxi: qual conhecimento ? qual curriculo ?0 a1899